Are we being served? (Record no. 78037)

MARC details
000 -LEADER
fixed length control field 00650cab a2200181 4500
001 - CONTROL NUMBER
control field L135846
008 - FIXED-LENGTH DATA ELEMENTS--GENERAL INFORMATION
fixed length control field 061213n2006 000 0 eng u
035 ## - SYSTEM CONTROL NUMBER
System control number (Sirsi) u135846
041 0# - LANGUAGE CODE
Language code of text/sound track or separate title eng
100 1# - MAIN ENTRY--PERSONAL NAME
Personal name Taylor, Adam
245 00 - TITLE STATEMENT
Title Are we being served?
260 ## - PUBLICATION, DISTRIBUTION, ETC.
Date of publication, distribution, etc. 2006
490 #0 - SERIES STATEMENT
Series statement Law Society's Gazette
Volume/sequential designation 103(43) 09 November 2006, 33(1)
520 ## - SUMMARY, ETC.
Summary, etc. Examines the legal implications of the Civil Procedure Rules 1998 Rule 6.5 which makes it possible to be served with a summons without being aware of it.
650 24 - SUBJECT ADDED ENTRY--TOPICAL TERM
Topical term or geographic name entry element CIVIL PROCEDURE RULES 1998 RULE 6.5
690 ## - LOCAL SUBJECT ADDED ENTRY--TOPICAL TERM (OCLC, RLIN)
Topical term or geographic name as entry element MANAGEMENT-DISPUTE AVOIDANCE, MANAGEMENT AND RESOLUTION
942 ## - ADDED ENTRY ELEMENTS (KOHA)
Suppress in OPAC 0
Holdings
Withdrawn status Lost status Source of classification or shelving scheme Damaged status Not for loan Home library Current library Shelving location Date acquired Total Checkouts Full call number Barcode Date last seen Copy number Price effective from Koha item type
    Dewey Decimal Classification     London London Journal article 13/12/2006   L135846 135846-1001 06/08/2019 1 06/08/2019 Journal article